| 000 | 01080nam a2200265 i 4500 | ||
|---|---|---|---|
| 001 | 66467 | ||
| 003 | ES-MaACL | ||
| 005 | 20250817211335.0 | ||
| 007 | t| | ||
| 008 | 030206s2002 sp a |||| |bspa d | ||
| 020 | _a84-95401-80-0 | ||
| 080 | _a929 Adaro y Magro, Luis | ||
| 080 | _a622(460.12)"18/19" | ||
| 100 | 1 |
_aMañana Vázquez, Ramón. _976250 |
|
| 245 | 1 | 0 |
_aLuis Adaro y Magro (1849-1915) _b: ingeniero de minas, agente innovador de la primera revolución industrial asturiana / _cRamón Mañana Vázquez. |
| 260 |
_a[Madrid] : _bInstituto Geológico y Minero de España : _bConsejo Superior de Colegios de Ingenieros de Minas de España, _c2002. |
||
| 300 |
_a165 p. : _bil. col. y n. ; _c30 cm. |
||
| 504 | _aBibliografía: p. 157-159. Índice. | ||
| 600 | 1 | 4 |
_aAdaro, Luis de, _d1849-1915 _918415 |
| 650 | 4 |
_aMinería- _zAsturias (Comunidad Autónoma) _9167074 |
|
| 710 | 2 |
_aInstituto Geológico y Minero de España. _95077 |
|
| 710 | 2 |
_aConsejo Superior de Colegios de Ingenieros de Minas. _93232 |
|
| 852 |
_aES-MaACL _jL-26972 |
||
| 999 |
_c66467 _d66467 |
||